Museo Nacional de la Escultura. Universidad de Talca.
I tiakina i:
| Kaituhi rangatōpū: | |
|---|---|
| Ētahi atu kaituhi: | , , |
| Hōputu: | Pukapuka |
| I whakaputaina: |
Talca, Chile:
Universidad de Talca,
2023.
|
| Putanga: | Primera edición. |
| Ngā marau: | |
| Urunga tuihono: | Disponible Online - Editorial Universidad de Talca |
| Ngā Tūtohu: |
Tāpirihia he Tūtohu
Kāore He Tūtohu, Me noho koe te mea tuatahi ki te tūtohu i tēnei pūkete!
|
MARC
| LEADER | 00000nam a22000007a 4500 | ||
|---|---|---|---|
| 003 | CL-VaPUC | ||
| 005 | 20240605162604.0 | ||
| 008 | 240424t2023 ||||| |||| 00| 0 eng d | ||
| 999 | |c 443597 |d 443595 | ||
| 020 | |a 978-956-329-187-2 | ||
| 040 | |c Pontificia Universidad Católica de Valparaíso | ||
| 082 | 7 | |2 22 |a 730.983 UNI 2023 | |
| 110 | 1 | |a Universidad de Talca. |e autor |9 862403 | |
| 245 | 1 | 0 | |a Museo Nacional de la Escultura. |b Universidad de Talca. |
| 250 | |a Primera edición. | ||
| 260 | |a Talca, Chile: |b Universidad de Talca, |c 2023. | ||
| 300 | |a 174 páginas; |b fotografías. | ||
| 500 | |a c.1. Donación Universidad de Talca. 18-04-2024 Memorando art. n° 2/2024 c.2. Donación Universidad de Talca. 29-05-2024 | ||
| 583 | |c 20240424 |k Catalogador Asistente | ||
| 610 | 0 | |9 888574 |a Museo Nacional de la Escultura |x Manual |z Talca, Chile | |
| 700 | |a Gazitúa, Francisco |e textos |9 888525 | ||
| 700 | |a Zamorano, Pedro Emilio |e textos |9 888526 | ||
| 700 | |a Chacón Valenzuela, Carolina |e corrección de textos |9 888527 | ||
| 856 | |u https://editorial.utalca.cl/?wpdmpro=museo-nacional-de-la-escultura-universidad-de-talca |y Disponible Online - Editorial Universidad de Talca | ||
| 942 | |2 ddc |c BK | ||
| 952 | |0 0 |1 0 |2 ddc |4 0 |6 730_983000000000000_UNI_2023 |7 0 |8 A |9 594177 |a BIBARQ |b BIBARQ |d 2024-04-24 |e Donación |i 5660805 |o 730.983 UNI 2023 |p 5660805 |r 2025-01-20 |t 1 |w 2024-04-24 |y BK |k ARQ | ||
| 952 | |0 0 |1 0 |2 ddc |4 0 |6 730_983000000000000_UNI_2023 |7 0 |8 R |9 594980 |a BIBART |b BIBART |d 2024-06-05 |e Donación |i 5661497 |o 730.983 UNI 2023 |p 5661497 |r 2025-03-13 |t 2 |w 2024-06-05 |y BK_R |k ART | ||